00788nam a22001937a 4500952015900000999001700159003000900176005001700185008004100202040003300243082001700276245008900293260004300382300002600425504005300451600005000504700002800554942001200582 00102ddc40718NFICaASLbASLcHCd2020-09-29eDonated by Prof. John B. Harrisonl0o923.254 LETp101582r2020-09-29 00:00:00tC-1w2020-09-29yBKzRARE c18396d18396BDDh-ASL20231015025715.0200929s1963 enkca||| |||| 001 0 eng d aBDDh-ASLcBDDh-ASLdBDDh-ASL a923.254bLET10aLetters of the right honourable V. S. Srinivasa Sastri/cedited by T. N. Jagadisan.  aLondon:bAsia Publishing House,c1963. axv, 377 p. :c23 cm.  a Includes bibliographical references and index. 1091240aSastri, V. S. SrinivasaxAutobiography 1 91239aJagadisan, T. N.  2ddccBK